| 000 | 00595ntaaa2200193 4500 | ||
|---|---|---|---|
| 003 | 01 | ||
| 005 | 20251027201437.0 | ||
| 008 | 0714s1973 ag 01 | ||
| 040 |
_aAR-BaBN _bspa _cAR-BaBN _eaacr _dRIC |
||
| 082 | _a226.0600 F21c | ||
| 100 |
_aFannon, Patrick _913040 |
||
| 245 | _aLos cuatro evangelios; breve introducción a su estructura y mensaje. | ||
| 250 | _a1 ed. | ||
| 260 |
_aBarcelona : _bHerder, _c1970 |
||
| 300 | _a141 p. | ||
| 500 | _aEstudio de las formas literaturas, métodos planes y fuentes de composición de los evangelios. | ||
| 650 | _aBiblia-N.T.-Evangelios | ||
| 942 | _cBK | ||
| 999 |
_c8962 _d8962 |
||